00748nam a2200181Ia 4500003000900000008004100009020001800050040001600068080002400084111009800108245023500206260003800441300001600479650001400495650002100509650001500530700002100545IN-BaIIA211028s9999 xx 000 0 eng d a981-02-3794-4 cIIA Library a524.834(082.1)bREL aRichard Arnowitt Fest on Relativity, Particle Physics and CosmologycTexas, USAd1998 Apr 5-8 0aRelativity, particle physics and cosmologybproceedings of the Richard Arnowitt fest on relativity, particle physics and cosmology, held in Texas, USA, 5-8 Apr 1998cedited by R. E. Allen  aSingaporebWorld Scientificc1999 axiii, 373p. aCosmology aParticle physics aRelativity aAllen, R. E., ed